000 01033nam0a22002531 4500
001 rc\1148053
005 20260408082627.0
035 _a(NLR Aleph) 006393804
090 _a5174111
_c5174111
100 _a20041129d1980 |||y0rusy50 ca
101 0 _arus
102 _aRU
105 _aa |||||||||
200 1 _aМетодические положения по анализу эффективности интенсификации сельскохозяйственного производства
_fВНИИ экономики сел. хоз-ва ВАСХНИЛ
_g[Исполн. Н.Л. Латипов и др.]
210 _aМ.
_cВНИЭСХ
_d1980
215 _a105 с., 2 л. ил.
_cил.
_d20
320 _aБиблиогр.: с. 103-104 (24 назв.)
702 1 _aЛатипов
_bН.Л.
_4570
712 0 2 _aВНИИ экономики сельского хозяйства
_3RU\NLR\AUTH\8810150744
_9796237
801 0 _aRU
_bNLR
_gpsbo
801 1 _aRU
_bELAR
_2rusmarc
852 _aNLR
_j81-3/3259
942 _cBOOK
980 _aNB